000 01162nam a22003617a 4500
001 BR7502475
003 BR-BrBNA
005 20230928084737.0
007 ta
008 230509b bl.||||| |||| 00| 0 por d
040 _aBR-BrBNA
_bpor
_cBiblioteca Nacional de Agricultura
041 _a(Por)
072 _aE70
_b0100
_b0600
_b1300
_b6000
_b/G514
090 _ 0100 BR7502475
110 1 _aSuperintendencia do Desenvolvimento do Nordeste, Recife, PE (Brasil). Depto. de Agricultura e Abastecimento;
110 1 _aCentrais de Abastecimento de Pernambuco S.A., Recife (Brasil)
_91370
245 1 _aAspectos da comercializacao de produtos hortigranjeiros e cereais na cidade do Recife [Brasil]
_bServico de Informacoes de Mercado - SIM
260 3 _aRecife, PE (Brasil):
_c1975.
300 _a363 p.
500 _a13 illus.; 60 graphs; 45 tables
650 _aComercializacao
650 _aCereal
650 _aFruta
650 _aHortalica
650 _aAve domestica
650 _aPreco
650 _aMercado
650 _aAbastecimento
650 _aRecife
650 _aPernambuco
909 _a202309
_bLucia
_c55
_dLucia Elande
942 _cBK
999 _c20841
_d20841